000 00615nam a22001937a 4500
003 OSt
005 20240712110638.0
008 240712b |||||||| |||| 00| 0 eng d
020 _a1853396427
040 _cmust
082 _a338.04 POL 2005
245 _aPolicy entrep[reneurship for poverty reduction:
_bBridging research and policy in international development/
_cEdited by Julius Court and Simon maxwell.
260 _aChichester :
_bJohn Wiley & sons
300 _axiv,142p.:
_c23cm.
504 _aIncludes references
650 _2Entrepreneurship
700 _aMaxwell,Simon
_918693
942 _2ddc
_cO_SHELF
999 _c9170
_d9170